MARC

LEADER 00000nam1a2200000 4500
001 116985
005 20231101215351.0
010 |a 5852750018 
035 |a (RuTPU)RU\TPU\book\126595 
090 |a 116985 
100 |a 20070530g1990 m y0rusy5003 ca 
101 1 |a rus  |c rus 
200 1 |a Сочинения  |e пер. с англ.  |f А. Кристи  |g сост. Н. А. Богомолова 
210 |a Москва  |c Московская штаб-квартира Международной ассоциации детективного и политического романа  |d 1990 
225 1 |a Детектив и политика 
700 1 |a Кристи (Вестмакотт)  |b А. (М.)  |c полное имя Дейм Агата Мэри Кларисса Кристи  |c девичья фамилия Миллер  |c псевдоним Мэри Уэстмаккот (Вестмакотт)  |c английская писательница  |f 1890-1976  |g Агата (Мэри)  |2 stltpush  |3 (RuTPU)RU\TPU\pers\854  |9 381 
702 1 |a Богомолова  |b Н. А.  |4 220 
801 0 |a RU  |b RuMRKP  |c 19950417  |g psbo 
801 1 |a RU  |b 63413507  |c 20050929  |g PSBO 
801 2 |a RU  |b 63413507  |c 20150709  |g PSBO 
942 |c BK